000 00413nam a2200157Ia 4500
008 210716s2012 xx 000 0 und d
020 _a9780071077699
041 _aeng
082 _a153.94 WILT
100 _aWilliams, Timothy J.
245 _aMCQs in computer science.
250 _a4
260 _aNew Delhi
_bTata McGraw Hill Education Private Limited
_c2012
300 _ax,445
650 _aAptitude Test
999 _c192980
_d192980